Rusko-český slovník pro archeology /

Main Author: Brandner, Aleš, 1944-2022
Language: Russian
Published: Brno : Masarykova univerzita, 1994
Edition: 1. vyd.
Subjects:
Online Access: Digitalizovaný dokument
Physical Description: 201 s.
Book
Saved in:
LEADER 01864nam a2200505 a 4500
001 000010370
003 CZ BrMZK
005 20250919125325.0
007 ta
008 941020s1994 xr e d rus d
015 |a cnb000089114 
020 |a 80-210-0946-2  |c 45.00 
040 |a BOA001  |b cze 
072 7 |a 902  |x Archeologie  |2 Konspekt  |9 8 
072 7 |a 81  |x Lingvistika. Jazyky  |2 Konspekt  |9 11 
080 |a 902  |2 MRF 
080 |a 81'373.46  |2 MRF 
080 |a 811.161.1  |2 MRF 
080 |a 811.162.3  |2 MRF 
080 |a 81'374.8-022.215  |2 MRF 
080 |a (038)81  |2 MRF 
080 |a (038)81  |2 MRF 
100 1 |a Brandner, Aleš,  |d 1944-2022  |7 mzk2002113248  |4 aut 
245 1 0 |a Rusko-český slovník pro archeology /  |c Aleš Brandner 
250 |a 1. vyd. 
260 |a Brno :  |b Masarykova univerzita,  |c 1994 
300 |a 201 s. 
650 0 7 |a archeologie  |7 ph118578  |2 czenas 
650 0 7 |a oborová terminologie  |7 ph138998  |2 czenas 
650 0 7 |a ruština  |7 ph125351  |2 czenas 
650 0 7 |a čeština  |7 ph135292  |2 czenas 
650 0 9 |a archaeology  |2 eczenas 
650 0 9 |a terminology (professional)  |2 eczenas 
650 0 9 |a Russian language  |2 eczenas 
650 0 9 |a Czech language  |2 eczenas 
655 7 |a dvojjazyčné překladové slovníky  |7 fd208746  |2 czenas 
655 7 |a terminologické slovníky  |7 fd202538  |2 czenas 
655 9 |a bilingual translation dictionaries  |2 eczenas 
655 9 |a terminological dictionaries  |2 eczenas 
856 4 1 |u http://www.digitalniknihovna.cz/mzk/uuid/uuid:bcb83e30-956a-11e3-8e84-005056827e51  |y Digitalizovaný dokument  |x NDK 
910 |a BOA001  |b 4-1002.908  |b PK-N-0031.549 
920 |a 000486860 
990 |a BK 
996 7 |b 2610013690  |c 4-1002.908  |l MZK  |r Sklad / do 1 hodiny  |n 6  |p p.v.  |w 000010370  |u 000010  |a 1  |e BOA001  |j MZK50  |s A 
996 7 |b 3119836179  |c PK-N-0031.549  |l MZK  |r Sklad / do 1 hodiny  |n 2  |w 000010370  |u 000020  |a 1  |e BOA001  |j MZK50  |s A